Síťové inkubátory (organizační model pro novou ekonomiku?)

Sieťové (internetové) inkubátory ako nástroj na podporu vzniku a rozvoja nových firiem. Vymedzenie pojmu sieťový inkubátor. Sieťový inkubátor v praxi. Klady a zápory sieťových inkubátorov. Obranné praktiky a nový organizačný model.

Salvato in:
Dettagli Bibliografici
Natura: Capitolo di libro
Lingua:ceco
Soggetti:
Tags: Aggiungi Tag
Nessun Tag, puoi essere il primo ad aggiungerne!!

MARC

LEADER 00000naa a2200000 4500
001 r041285
005 20231002103334.9
041 0 |a cze 
044 |a CZ 
245 1 0 |a Síťové inkubátory  |b (organizační model pro novou ekonomiku?) 
520 |a Sieťové (internetové) inkubátory ako nástroj na podporu vzniku a rozvoja nových firiem. Vymedzenie pojmu sieťový inkubátor. Sieťový inkubátor v praxi. Klady a zápory sieťových inkubátorov. Obranné praktiky a nový organizačný model. 
610 2 0 |a riadenie podnikové 
610 2 0 |a inkubátory virtuálne 
610 2 0 |a firmy 
610 2 0 |a počítače 
610 2 0 |a modely organizačné 
610 2 0 |a globalizácia 
610 2 0 |a vzťahy medzipodnikové 
610 2 0 |a siete dátové 
610 2 0 |a internet